Mezinárodní management

Uložené v:
Podrobná bibliografia
Hlavný autor: Zadražilová, Dana
Médium: Kniha
Jazyk:Czech
Vydavateľské údaje: Praha VŠE v Praze, Nakladatelství Oeconomica 2004
Predmet:
Tagy: Pridať tag
Žiadne tagy, Buďte prvý, kto otaguje tento záznam!

MARC

LEADER 00000nam$a2200000$$$4500
001 0013269
005 20220913101821.0
020 |a 80-245-0683-1 
041 0 |a cze 
044 |a CZ 
245 1 0 |a Mezinárodní management  |c Dana Zadražilová 
264 1 |a Praha  |b VŠE v Praze, Nakladatelství Oeconomica  |c 2004 
300 |a 182 s. 
610 2 0 |a manažment medzinárodný 
610 2 0 |a výhody konkurenčné 
610 2 0 |a korporácie 
610 2 0 |a korporácie transnacionálne 
610 2 0 |a manažment strategický 
610 2 0 |a stratégia podnikateľská 
610 2 0 |a internacionalizácia 
610 2 0 |a podnik medzinárodný 
610 2 0 |a aliancie strategické 
610 2 0 |a komunikácia multikultúrna 
610 2 0 |a demokracia podniková 
610 2 0 |a dialóg sociálny 
100 1 |a Zadražilová, Dana